000 00632nam a2200217Ia 4500
999 _c28502
_d28502
003 GCL
005 20240530101905.0
008 140319s9999 xx 000 0 ara d
040 _aGCL /
_cGCL
082 0 4 _a217.5
_bك أ
100 1 _aكامل سعفان
245 1 0 _aامين الخولى /
_cكامل سعفان
260 _a[S.N] :
_bالهيئة المصرية العامة للكتاب ،
_c1982
300 _a301 ص
490 _aاعلام العرب
_v0
650 0 4 _aالتراجم الادبية
650 0 4 _aالتراجم
650 0 4 _aالادباء
650 0 4 _aامين الخولى
942 _2ddc
_cBK